000 00213 a2200097 4500
001 803
100 _aScroggie,M.G
245 _aRadio & electronic laboratory handbook
260 _a
_bIliffe
_c
090 _c395
_d395
942 _aNUST-CAE
_cM
_c30211
999 _c235876
_d235876